000
00211nam a22000857a 4500
008
170111b xxu||||| |||| 00| 0 eng d
100
_9
2326
_a
Wadhwan.V.etal.
245
_a
Computer-2
260
_a
New Delhi
_b
Rachna
_c
2010
999
_c
5259
_d
5259